| 000 | 00707nam a22002057a 4500 | ||
|---|---|---|---|
| 003 | OSt | ||
| 005 | 20150109160051.0 | ||
| 008 | 141220b xxu||||| |||| 00| 0 eng d | ||
| 040 | _cBMC | ||
| 082 | _a808.06842 | ||
| 100 | 1 |
_aKipling, Rudyard _d1865-1936 _9589 |
|
| 245 | 1 | 3 |
_aLa litera fantástica _b: La aldea de los muertos; El rey de Kafiristan; El juicio de Dungara; La inundación; En la muralla _cRudyard Kipling ; Versión castellana, prólogo y notas de Carlos Pereyra |
| 250 | _a[4ª ed.] | ||
| 260 |
_a[Madrid] _bAguilar _c[1963] |
||
| 300 |
_a392 p., 2 h. _c12 cm |
||
| 490 |
_aCrisol _v321 |
||
| 650 | 2 | 4 |
_929437 _aCuentos ingleses |
| 700 | 1 |
_aPereyra, Carlos _d1871-1942 _9784 |
|
| 942 |
_2ddc _cBK |
||
| 999 |
_c17035 _d17035 |
||